Vlastná cesta vývoja Bulharsko: po zjazde BKS a s novou vládou

Bibliographic Details
Main Author: Ivanovičová, Věra (Author)
Format: Article
Language:Slovak
Subjects:

MARC

LEADER 00000nab a2200000 a 4500
001 vtls000371616
003 SK-MaSNL
005 20260304053909.0
008 150501c1990 xo 0 slo
015 |a SNBRB19rr/mm-uuuuu 
035 |a CL0371738 
040 |a SNKBUCL  |b slo  |c SNKBUCL  |e AACR2 
041 0 |a slo 
044 |a xo  |c SK 
080 |a 327(497.2)  |2 1981 
080 |a 329.15(497.2)  |2 1981 
100 1 |a Ivanovičová, Věra  |4 aut  |9 960710 
245 1 0 |a Vlastná cesta vývoja  |b Bulharsko: po zjazde BKS a s novou vládou  |c Věra Ivanovičová 
610 2 7 |a Bălgarskata komunističeska partija  |2 snkbucl  |9 222679 
650 0 7 |a vnútorná politika  |2 snkbucl  |9 970 
651 7 |a Bulharsko  |2 snkbucl  |9 20172 
655 7 |a články z novín a časopisov  |2 snkbucl  |9 267496 
773 0 |t Nové slovo  |g Roč. 32, č. 8 (1990), s. 11 
850 |a Slovenská národná knižnica v Martine  |a MTA001 
852 |a SNK  |b KIS3GCP 
958 |a RK 
958 |a BG 
992 |a RBX 
999 |c 2715913  |d 2717843